<?xml version="1.0" encoding="UTF-8"?>
<collection xmlns="http://www.loc.gov/MARC21/slim">
<record>
  <controlfield tag="001">52405</controlfield>
  <controlfield tag="005">20240207151404.0</controlfield>
  <datafield tag="037" ind1=" " ind2=" ">
    <subfield code="a">GSI-SR2012-ANNEX-08</subfield>
  </datafield>
  <datafield tag="041" ind1=" " ind2=" ">
    <subfield code="a">English</subfield>
  </datafield>
  <datafield tag="088" ind1="1" ind2=" ">
    <subfield code="a">GSI Report 2013-1</subfield>
  </datafield>
  <datafield tag="088" ind1=" " ind2=" ">
    <subfield code="a">GSI Report 2013-1</subfield>
    <subfield code="2">GSI</subfield>
  </datafield>
  <datafield tag="100" ind1="1" ind2=" ">
    <subfield code="a">Kolb, Burkhard</subfield>
    <subfield code="0">P:(DE-Ds200)OR0616</subfield>
    <subfield code="b">0</subfield>
    <subfield code="u">gsi</subfield>
  </datafield>
  <datafield tag="245" ind1=" " ind2=" ">
    <subfield code="a">Experiments performed at the GSI accelerators in 2012</subfield>
  </datafield>
  <datafield tag="260" ind1=" " ind2=" ">
    <subfield code="a">Darmstadt</subfield>
    <subfield code="c">2013</subfield>
    <subfield code="b">GSI Helmholtzzentrum für Schwerionenforschung</subfield>
  </datafield>
  <datafield tag="295" ind1="1" ind2="0">
    <subfield code="a">Scientific Report 2012</subfield>
  </datafield>
  <datafield tag="300" ind1=" " ind2=" ">
    <subfield code="a">586- p.</subfield>
  </datafield>
  <datafield tag="336" ind1="7" ind2=" ">
    <subfield code="a">Contribution to a book</subfield>
    <subfield code="b">contb</subfield>
    <subfield code="m">contb</subfield>
    <subfield code="0">PUB:(DE-HGF)7</subfield>
    <subfield code="s">1369747427_13512</subfield>
    <subfield code="2">PUB:(DE-HGF)</subfield>
  </datafield>
  <datafield tag="336" ind1="7" ind2=" ">
    <subfield code="a">bookPart</subfield>
    <subfield code="2">DRIVER</subfield>
  </datafield>
  <datafield tag="336" ind1="7" ind2=" ">
    <subfield code="a">INBOOK</subfield>
    <subfield code="2">BibTeX</subfield>
  </datafield>
  <datafield tag="336" ind1="7" ind2=" ">
    <subfield code="a">Book Section</subfield>
    <subfield code="0">7</subfield>
    <subfield code="2">EndNote</subfield>
  </datafield>
  <datafield tag="336" ind1="7" ind2=" ">
    <subfield code="a">Internal Report</subfield>
    <subfield code="0">PUB:(DE-HGF)15</subfield>
    <subfield code="2">PUB:(DE-HGF)</subfield>
    <subfield code="m">intrep</subfield>
  </datafield>
  <datafield tag="490" ind1="0" ind2=" ">
    <subfield code="a">GSI Report</subfield>
    <subfield code="x">0171-4546</subfield>
    <subfield code="v">2013-1</subfield>
  </datafield>
  <datafield tag="490" ind1="0" ind2=" ">
    <subfield code="a">GSI Scientific Report</subfield>
    <subfield code="x">0174-0814</subfield>
    <subfield code="v">2012</subfield>
  </datafield>
  <datafield tag="536" ind1=" " ind2=" ">
    <subfield code="a">899 - ohne Topic (POF2-899)</subfield>
    <subfield code="0">G:(DE-HGF)POF2-899</subfield>
    <subfield code="c">POF2-899</subfield>
    <subfield code="x">0</subfield>
    <subfield code="f">POF I</subfield>
  </datafield>
  <datafield tag="536" ind1=" " ind2=" ">
    <subfield code="a">GSI-EXP-U207-ohneJahr - Optical spectroscopy of the element Nobelium (Z102) (EXP:GSI-EXP-U207-ohneJahr)</subfield>
    <subfield code="0">G:(DE-Ds200)EXP:GSI-EXP-U207-ohneJahr</subfield>
    <subfield code="c">EXP:GSI-EXP-U207-ohneJahr</subfield>
    <subfield code="x">1</subfield>
  </datafield>
  <datafield tag="536" ind1=" " ind2=" ">
    <subfield code="a">GSI-EXP-U252-ohneJahr - Energy loss and charge state distribution of heavy ion beams penetrating directly and indirectly heated plasma (EXP:GSI-EXP-U252-ohneJahr)</subfield>
    <subfield code="0">G:(DE-Ds200)EXP:GSI-EXP-U252-ohneJahr</subfield>
    <subfield code="c">EXP:GSI-EXP-U252-ohneJahr</subfield>
    <subfield code="x">2</subfield>
  </datafield>
  <datafield tag="536" ind1=" " ind2=" ">
    <subfield code="a">GSI-EXP-U258-ohneJahr - Synthesis of New Elements at TASCA (EXP:GSI-EXP-U258-ohneJahr)</subfield>
    <subfield code="0">G:(DE-Ds200)EXP:GSI-EXP-U258-ohneJahr</subfield>
    <subfield code="c">EXP:GSI-EXP-U258-ohneJahr</subfield>
    <subfield code="x">3</subfield>
  </datafield>
  <datafield tag="536" ind1=" " ind2=" ">
    <subfield code="a">GSI-EXP-U261-ohneJahr - X-ray Fingerprinting of Element 115 Decay Chains (EXP:GSI-EXP-U261-ohneJahr)</subfield>
    <subfield code="0">G:(DE-Ds200)EXP:GSI-EXP-U261-ohneJahr</subfield>
    <subfield code="c">EXP:GSI-EXP-U261-ohneJahr</subfield>
    <subfield code="x">4</subfield>
  </datafield>
  <datafield tag="536" ind1=" " ind2=" ">
    <subfield code="a">GSI-EXP-U267-ohneJahr - Study of superheavy elements using 248Cm targets Part II: the reaction 54Cr + 248Cm > 302/120* (EXP:GSI-EXP-U267-ohneJahr)</subfield>
    <subfield code="0">G:(DE-Ds200)EXP:GSI-EXP-U267-ohneJahr</subfield>
    <subfield code="c">EXP:GSI-EXP-U267-ohneJahr</subfield>
    <subfield code="x">5</subfield>
  </datafield>
  <datafield tag="536" ind1=" " ind2=" ">
    <subfield code="a">GSI-EXP-U272-ohneJahr - Combined PHELIX-laser-ion beam experiment on the heavy ion stopping in plasma (EXP:GSI-EXP-U272-ohneJahr)</subfield>
    <subfield code="0">G:(DE-Ds200)EXP:GSI-EXP-U272-ohneJahr</subfield>
    <subfield code="c">EXP:GSI-EXP-U272-ohneJahr</subfield>
    <subfield code="x">6</subfield>
  </datafield>
  <datafield tag="536" ind1=" " ind2=" ">
    <subfield code="a">GSI-EXP-U274-ohneJahr - Investigation of the ion energy loss in indirectly and indirectly heated plasma (EXP:GSI-EXP-U274-ohneJahr)</subfield>
    <subfield code="0">G:(DE-Ds200)EXP:GSI-EXP-U274-ohneJahr</subfield>
    <subfield code="c">EXP:GSI-EXP-U274-ohneJahr</subfield>
    <subfield code="x">7</subfield>
  </datafield>
  <datafield tag="536" ind1=" " ind2=" ">
    <subfield code="a">GSI-EXP-U275-ohneJahr - Charge state and energy loss of heavy ions after interaction with a theta pinch discharge (EXP:GSI-EXP-U275-ohneJahr)</subfield>
    <subfield code="0">G:(DE-Ds200)EXP:GSI-EXP-U275-ohneJahr</subfield>
    <subfield code="c">EXP:GSI-EXP-U275-ohneJahr</subfield>
    <subfield code="x">8</subfield>
  </datafield>
  <datafield tag="536" ind1=" " ind2=" ">
    <subfield code="a">GSI-EXP-U276-ohneJahr - Commissioning of a RF cavity at Z6 and injection of laser accelerated protons into the cavity via a pulsed solenoid (EXP:GSI-EXP-U276-ohneJahr)</subfield>
    <subfield code="0">G:(DE-Ds200)EXP:GSI-EXP-U276-ohneJahr</subfield>
    <subfield code="c">EXP:GSI-EXP-U276-ohneJahr</subfield>
    <subfield code="x">9</subfield>
  </datafield>
  <datafield tag="536" ind1=" " ind2=" ">
    <subfield code="a">GSI-EXP-U277-ohneJahr - Study of shell effects in the composite system U+U (EXP:GSI-EXP-U277-ohneJahr)</subfield>
    <subfield code="0">G:(DE-Ds200)EXP:GSI-EXP-U277-ohneJahr</subfield>
    <subfield code="c">EXP:GSI-EXP-U277-ohneJahr</subfield>
    <subfield code="x">10</subfield>
  </datafield>
  <datafield tag="536" ind1=" " ind2=" ">
    <subfield code="a">GSI-EXP-U278-ohneJahr - Decay properties of 258Db using the SHIP separator (EXP:GSI-EXP-U278-ohneJahr)</subfield>
    <subfield code="0">G:(DE-Ds200)EXP:GSI-EXP-U278-ohneJahr</subfield>
    <subfield code="c">EXP:GSI-EXP-U278-ohneJahr</subfield>
    <subfield code="x">11</subfield>
  </datafield>
  <datafield tag="536" ind1=" " ind2=" ">
    <subfield code="a">GSI-EXP-UBIO-ohneJahr - Biology Experiments at UNILAC (EXP:GSI-EXP-UBIO-ohneJahr)</subfield>
    <subfield code="0">G:(DE-Ds200)EXP:GSI-EXP-UBIO-ohneJahr</subfield>
    <subfield code="c">EXP:GSI-EXP-UBIO-ohneJahr</subfield>
    <subfield code="x">12</subfield>
  </datafield>
  <datafield tag="536" ind1=" " ind2=" ">
    <subfield code="a">GSI-EXP-UMAT-ohneJahr - Material Science Proposals at the UNILAC (EXP:GSI-EXP-UMAT-ohneJahr)</subfield>
    <subfield code="0">G:(DE-Ds200)EXP:GSI-EXP-UMAT-ohneJahr</subfield>
    <subfield code="c">EXP:GSI-EXP-UMAT-ohneJahr</subfield>
    <subfield code="x">13</subfield>
  </datafield>
  <datafield tag="536" ind1=" " ind2=" ">
    <subfield code="a">GSI-EXP-E039-ohneJahr - E039 Progress Report: Precision x-ray spectroscopy in one- and two-electron heavy ions (EXP:GSI-EXP-E039-ohneJahr)</subfield>
    <subfield code="0">G:(DE-Ds200)EXP:GSI-EXP-E039-ohneJahr</subfield>
    <subfield code="c">EXP:GSI-EXP-E039-ohneJahr</subfield>
    <subfield code="x">14</subfield>
  </datafield>
  <datafield tag="536" ind1=" " ind2=" ">
    <subfield code="a">GSI-EXP-E075-ohneJahr - HITRAP Decelerator Commissioning (EXP:GSI-EXP-E075-ohneJahr)</subfield>
    <subfield code="0">G:(DE-Ds200)EXP:GSI-EXP-E075-ohneJahr</subfield>
    <subfield code="c">EXP:GSI-EXP-E075-ohneJahr</subfield>
    <subfield code="x">15</subfield>
  </datafield>
  <datafield tag="536" ind1=" " ind2=" ">
    <subfield code="a">GSI-EXP-E097-ohneJahr - Differential QED Measurements Between Two- and Three-Electron Uranium Ions (EXP:GSI-EXP-E097-ohneJahr)</subfield>
    <subfield code="0">G:(DE-Ds200)EXP:GSI-EXP-E097-ohneJahr</subfield>
    <subfield code="c">EXP:GSI-EXP-E097-ohneJahr</subfield>
    <subfield code="x">16</subfield>
  </datafield>
  <datafield tag="536" ind1=" " ind2=" ">
    <subfield code="a">GSI-EXP-E089-ohneJahr - Laser Cooling of C3+ ions at the ESR: preparations for the NESR and the SIS300 (EXP:GSI-EXP-E089-ohneJahr)</subfield>
    <subfield code="0">G:(DE-Ds200)EXP:GSI-EXP-E089-ohneJahr</subfield>
    <subfield code="c">EXP:GSI-EXP-E089-ohneJahr</subfield>
    <subfield code="x">17</subfield>
  </datafield>
  <datafield tag="536" ind1=" " ind2=" ">
    <subfield code="a">GSI-EXP-E090-ohneJahr - Bremsstrahlung during Electron Transfer to Continuum (EXP:GSI-EXP-E090-ohneJahr)</subfield>
    <subfield code="0">G:(DE-Ds200)EXP:GSI-EXP-E090-ohneJahr</subfield>
    <subfield code="c">EXP:GSI-EXP-E090-ohneJahr</subfield>
    <subfield code="x">18</subfield>
  </datafield>
  <datafield tag="536" ind1=" " ind2=" ">
    <subfield code="a">GSI-EXP-E105-ohneJahr - Start up of part of the EXL physics program with 56Ni (EXP:GSI-EXP-E105-ohneJahr)</subfield>
    <subfield code="0">G:(DE-Ds200)EXP:GSI-EXP-E105-ohneJahr</subfield>
    <subfield code="c">EXP:GSI-EXP-E105-ohneJahr</subfield>
    <subfield code="x">19</subfield>
  </datafield>
  <datafield tag="536" ind1=" " ind2=" ">
    <subfield code="a">GSI-EXP-E110-ohneJahr - An Atomic Physics Method to Study High-Z Long-Lived Isomers (EXP:GSI-EXP-E110-ohneJahr)</subfield>
    <subfield code="0">G:(DE-Ds200)EXP:GSI-EXP-E110-ohneJahr</subfield>
    <subfield code="c">EXP:GSI-EXP-E110-ohneJahr</subfield>
    <subfield code="x">20</subfield>
  </datafield>
  <datafield tag="536" ind1=" " ind2=" ">
    <subfield code="a">GSI-EXP-E113-ohneJahr - Storage Lifetimes and Ionization Cross Sections for Beams of Low-Charged, Heavy Ions (EXP:GSI-EXP-E113-ohneJahr)</subfield>
    <subfield code="0">G:(DE-Ds200)EXP:GSI-EXP-E113-ohneJahr</subfield>
    <subfield code="c">EXP:GSI-EXP-E113-ohneJahr</subfield>
    <subfield code="x">21</subfield>
  </datafield>
  <datafield tag="536" ind1=" " ind2=" ">
    <subfield code="a">GSI-EXP-S333-ohneJahr - Vector meson production in proton nucleus and pion nucleus collisions (EXP:GSI-EXP-S333-ohneJahr)</subfield>
    <subfield code="0">G:(DE-Ds200)EXP:GSI-EXP-S333-ohneJahr</subfield>
    <subfield code="c">EXP:GSI-EXP-S333-ohneJahr</subfield>
    <subfield code="x">22</subfield>
  </datafield>
  <datafield tag="536" ind1=" " ind2=" ">
    <subfield code="a">GSI-EXP-S339-ohneJahr - Study of Pion-induced In-medium Production and Propagation of Strangeness (EXP:GSI-EXP-S339-ohneJahr)</subfield>
    <subfield code="0">G:(DE-Ds200)EXP:GSI-EXP-S339-ohneJahr</subfield>
    <subfield code="c">EXP:GSI-EXP-S339-ohneJahr</subfield>
    <subfield code="x">23</subfield>
  </datafield>
  <datafield tag="536" ind1=" " ind2=" ">
    <subfield code="a">GSI-EXP-S370-ohneJahr - Investigation of excited states in He-like uranium by lifetime measurements of the 3P0 state (EXP:GSI-EXP-S370-ohneJahr)</subfield>
    <subfield code="0">G:(DE-Ds200)EXP:GSI-EXP-S370-ohneJahr</subfield>
    <subfield code="c">EXP:GSI-EXP-S370-ohneJahr</subfield>
    <subfield code="x">24</subfield>
  </datafield>
  <datafield tag="536" ind1=" " ind2=" ">
    <subfield code="a">GSI-EXP-S388-ohneJahr - Search for proton-unbound 69Br, 73Rb and 30Ar isotopes with microstrip-detector tracking technique at FRS (EXP:GSI-EXP-S388-ohneJahr)</subfield>
    <subfield code="0">G:(DE-Ds200)EXP:GSI-EXP-S388-ohneJahr</subfield>
    <subfield code="c">EXP:GSI-EXP-S388-ohneJahr</subfield>
    <subfield code="x">25</subfield>
  </datafield>
  <datafield tag="536" ind1=" " ind2=" ">
    <subfield code="a">GSI-EXP-S401-ohneJahr - CBM detector tests (EXP:GSI-EXP-S401-ohneJahr)</subfield>
    <subfield code="0">G:(DE-Ds200)EXP:GSI-EXP-S401-ohneJahr</subfield>
    <subfield code="c">EXP:GSI-EXP-S401-ohneJahr</subfield>
    <subfield code="x">26</subfield>
  </datafield>
  <datafield tag="536" ind1=" " ind2=" ">
    <subfield code="a">GSI-EXP-S406-ohneJahr - Characteriyation of NeuLAND prototypes and the LAND detector using fast monoenergetic neutrons (EXP:GSI-EXP-S406-ohneJahr)</subfield>
    <subfield code="0">G:(DE-Ds200)EXP:GSI-EXP-S406-ohneJahr</subfield>
    <subfield code="c">EXP:GSI-EXP-S406-ohneJahr</subfield>
    <subfield code="x">27</subfield>
  </datafield>
  <datafield tag="536" ind1=" " ind2=" ">
    <subfield code="a">GSI-EXP-S407-ohneJahr - Investigation of baryon rich dense nuclear matter by means of rare probes with HADES (EXP:GSI-EXP-S407-ohneJahr)</subfield>
    <subfield code="0">G:(DE-Ds200)EXP:GSI-EXP-S407-ohneJahr</subfield>
    <subfield code="c">EXP:GSI-EXP-S407-ohneJahr</subfield>
    <subfield code="x">28</subfield>
  </datafield>
  <datafield tag="536" ind1=" " ind2=" ">
    <subfield code="a">GSI-EXP-S411-ohneJahr - Commissioning of the First-Generation Cryogenic Stopping Cell for the Low-Energy Branch of the Super-FRS (EXP:GSI-EXP-S411-ohneJahr)</subfield>
    <subfield code="0">G:(DE-Ds200)EXP:GSI-EXP-S411-ohneJahr</subfield>
    <subfield code="c">EXP:GSI-EXP-S411-ohneJahr</subfield>
    <subfield code="x">29</subfield>
  </datafield>
  <datafield tag="536" ind1=" " ind2=" ">
    <subfield code="a">GSI-EXP-S412-ohneJahr - Isovector and isoscalar electric dipole and quadrupole response of neutron-rich Sn nuclei (EXP:GSI-EXP-S412-ohneJahr)</subfield>
    <subfield code="0">G:(DE-Ds200)EXP:GSI-EXP-S412-ohneJahr</subfield>
    <subfield code="c">EXP:GSI-EXP-S412-ohneJahr</subfield>
    <subfield code="x">30</subfield>
  </datafield>
  <datafield tag="536" ind1=" " ind2=" ">
    <subfield code="a">GSI-EXP-S415-ohneJahr - R&amp;D on advanced detection techniques for the isotopic identification of medium-mass neutron-rich nuclei produced in fission reactions. (EXP:GSI-EXP-S415-ohneJahr)</subfield>
    <subfield code="0">G:(DE-Ds200)EXP:GSI-EXP-S415-ohneJahr</subfield>
    <subfield code="c">EXP:GSI-EXP-S415-ohneJahr</subfield>
    <subfield code="x">31</subfield>
  </datafield>
  <datafield tag="536" ind1=" " ind2=" ">
    <subfield code="a">GSI-EXP-S417-ohneJahr - FRS000: Proposal for beam tests at the Fragment Separator FRS (EXP:GSI-EXP-S417-ohneJahr)</subfield>
    <subfield code="0">G:(DE-Ds200)EXP:GSI-EXP-S417-ohneJahr</subfield>
    <subfield code="c">EXP:GSI-EXP-S417-ohneJahr</subfield>
    <subfield code="x">32</subfield>
  </datafield>
  <datafield tag="536" ind1=" " ind2=" ">
    <subfield code="a">GSI-EXP-S424-ohneJahr - Scientific and Technical Commissioning Proposal for the AGATA-PreSpec campaign (EXP:GSI-EXP-S424-ohneJahr)</subfield>
    <subfield code="0">G:(DE-Ds200)EXP:GSI-EXP-S424-ohneJahr</subfield>
    <subfield code="c">EXP:GSI-EXP-S424-ohneJahr</subfield>
    <subfield code="x">33</subfield>
  </datafield>
  <datafield tag="536" ind1=" " ind2=" ">
    <subfield code="a">GSI-EXP-S426-ohneJahr - Relativistic M1-Coulex of 85Br (EXP:GSI-EXP-S426-ohneJahr)</subfield>
    <subfield code="0">G:(DE-Ds200)EXP:GSI-EXP-S426-ohneJahr</subfield>
    <subfield code="c">EXP:GSI-EXP-S426-ohneJahr</subfield>
    <subfield code="x">34</subfield>
  </datafield>
  <datafield tag="536" ind1=" " ind2=" ">
    <subfield code="0">G:(DE-Ds200)EXP:GSI-EXP-S428-ohneJahr</subfield>
    <subfield code="c">EXP:GSI-EXP-S428-ohneJahr</subfield>
    <subfield code="x">35</subfield>
    <subfield code="a">GSI-EXP-S428-ohneJahr - Shape evolution in neutron-rich Zr isotopes (EXP:GSI-EXP-S428-ohneJahr)</subfield>
  </datafield>
  <datafield tag="536" ind1=" " ind2=" ">
    <subfield code="a">GSI-EXP-S429-ohneJahr - Quadrantic Evolution of Collectivity Around 208Pb (PRESPEC-AGATA) (EXP:GSI-EXP-S429-ohneJahr)</subfield>
    <subfield code="0">G:(DE-Ds200)EXP:GSI-EXP-S429-ohneJahr</subfield>
    <subfield code="c">EXP:GSI-EXP-S429-ohneJahr</subfield>
    <subfield code="x">36</subfield>
  </datafield>
  <datafield tag="536" ind1=" " ind2=" ">
    <subfield code="a">GSI-EXP-S430-ohneJahr - The Pygmy Dipole Resonance in 64Fe and the properties of neutron skin (EXP:GSI-EXP-S430-ohneJahr)</subfield>
    <subfield code="0">G:(DE-Ds200)EXP:GSI-EXP-S430-ohneJahr</subfield>
    <subfield code="c">EXP:GSI-EXP-S430-ohneJahr</subfield>
    <subfield code="x">37</subfield>
  </datafield>
  <datafield tag="536" ind1=" " ind2=" ">
    <subfield code="a">GSI-EXP-S431-ohneJahr - Proton hole states in 132Sn and N82 shell structure (EXP:GSI-EXP-S431-ohneJahr)</subfield>
    <subfield code="0">G:(DE-Ds200)EXP:GSI-EXP-S431-ohneJahr</subfield>
    <subfield code="c">EXP:GSI-EXP-S431-ohneJahr</subfield>
    <subfield code="x">38</subfield>
  </datafield>
  <datafield tag="536" ind1=" " ind2=" ">
    <subfield code="a">GSI-EXP-S433-ohneJahr - Coulomb excitation of the band-terminating 12+ yrast trap in 52Fe (EXP:GSI-EXP-S433-ohneJahr)</subfield>
    <subfield code="0">G:(DE-Ds200)EXP:GSI-EXP-S433-ohneJahr</subfield>
    <subfield code="c">EXP:GSI-EXP-S433-ohneJahr</subfield>
    <subfield code="x">39</subfield>
  </datafield>
  <datafield tag="536" ind1=" " ind2=" ">
    <subfield code="a">GSI-EXP-SBIO-ohneJahr - Biology Experiments at SIS (EXP:GSI-EXP-SBIO-ohneJahr)</subfield>
    <subfield code="0">G:(DE-Ds200)EXP:GSI-EXP-SBIO-ohneJahr</subfield>
    <subfield code="c">EXP:GSI-EXP-SBIO-ohneJahr</subfield>
    <subfield code="x">40</subfield>
  </datafield>
  <datafield tag="536" ind1=" " ind2=" ">
    <subfield code="a">GSI-EXP-SESA-ohneJahr - ESA Experiments at SIS (EXP:GSI-EXP-SESA-ohneJahr)</subfield>
    <subfield code="0">G:(DE-Ds200)EXP:GSI-EXP-SESA-ohneJahr</subfield>
    <subfield code="c">EXP:GSI-EXP-SESA-ohneJahr</subfield>
    <subfield code="x">41</subfield>
  </datafield>
  <datafield tag="536" ind1=" " ind2=" ">
    <subfield code="a">GSI-EXP-SMAT-ohneJahr - Materials research at SIS (EXP:GSI-EXP-SMAT-ohneJahr)</subfield>
    <subfield code="0">G:(DE-Ds200)EXP:GSI-EXP-SMAT-ohneJahr</subfield>
    <subfield code="c">EXP:GSI-EXP-SMAT-ohneJahr</subfield>
    <subfield code="x">42</subfield>
  </datafield>
  <datafield tag="856" ind1="4" ind2=" ">
    <subfield code="y">SR2012-ANNEX-08</subfield>
  </datafield>
  <datafield tag="856" ind1="4" ind2=" ">
    <subfield code="y">OpenAccess</subfield>
    <subfield code="u">http://repository.gsi.de/record/52405/files/ANNEX-08.pdf</subfield>
  </datafield>
  <datafield tag="909" ind1="C" ind2="O">
    <subfield code="o">oai:repository.gsi.de:52405</subfield>
    <subfield code="p">openaire</subfield>
    <subfield code="p">open_access</subfield>
    <subfield code="p">VDB</subfield>
    <subfield code="p">driver</subfield>
    <subfield code="p">dnbdelivery</subfield>
    <subfield code="q">ec_fundedresources</subfield>
  </datafield>
  <datafield tag="910" ind1="1" ind2=" ">
    <subfield code="a">GSI Helmholtzzentrum für Schwerionenforschung GmbH</subfield>
    <subfield code="0">I:(DE-Ds200)20121206GSI</subfield>
    <subfield code="k">GSI</subfield>
    <subfield code="b">0</subfield>
    <subfield code="6">P:(DE-Ds200)OR0616</subfield>
  </datafield>
  <datafield tag="913" ind1="1" ind2=" ">
    <subfield code="a">DE-HGF</subfield>
    <subfield code="b">Programmungebundene Forschung</subfield>
    <subfield code="l">ohne Programm</subfield>
    <subfield code="1">G:(DE-HGF)POF2-890</subfield>
    <subfield code="0">G:(DE-HGF)POF2-899</subfield>
    <subfield code="2">G:(DE-HGF)POF2-800</subfield>
    <subfield code="v">ohne Topic</subfield>
    <subfield code="x">0</subfield>
    <subfield code="4">G:(DE-HGF)POF</subfield>
    <subfield code="3">G:(DE-HGF)POF2</subfield>
  </datafield>
  <datafield tag="914" ind1="1" ind2=" ">
    <subfield code="y">2013</subfield>
  </datafield>
  <datafield tag="915" ind1=" " ind2=" ">
    <subfield code="a">OpenAccess</subfield>
    <subfield code="0">StatID:(DE-HGF)0510</subfield>
    <subfield code="2">StatID</subfield>
  </datafield>
  <datafield tag="920" ind1=" " ind2=" ">
    <subfield code="l">yes</subfield>
  </datafield>
  <datafield tag="920" ind1="1" ind2=" ">
    <subfield code="0">I:(DE-Ds200)BUD-20051214OR030</subfield>
    <subfield code="k">BUD</subfield>
    <subfield code="l">Bibliothek &amp; Dokumentation</subfield>
    <subfield code="x">0</subfield>
  </datafield>
  <datafield tag="970" ind1=" " ind2=" ">
    <subfield code="a">GSI-SR2012-ANNEX-08</subfield>
  </datafield>
  <datafield tag="980" ind1="1" ind2=" ">
    <subfield code="a">GSI Scientific Report 2012</subfield>
  </datafield>
  <datafield tag="980" ind1="1" ind2=" ">
    <subfield code="a">GSI Scientific Report</subfield>
  </datafield>
  <datafield tag="980" ind1="1" ind2=" ">
    <subfield code="a">GSI Report 2013-1</subfield>
  </datafield>
  <datafield tag="980" ind1="1" ind2=" ">
    <subfield code="a">GSI Report</subfield>
  </datafield>
  <datafield tag="980" ind1="1" ind2=" ">
    <subfield code="a">FullTexts</subfield>
  </datafield>
  <datafield tag="980" ind1="1" ind2=" ">
    <subfield code="a">GSIasPublisher</subfield>
  </datafield>
  <datafield tag="980" ind1=" " ind2=" ">
    <subfield code="a">contb</subfield>
  </datafield>
  <datafield tag="980" ind1=" " ind2=" ">
    <subfield code="a">VDB</subfield>
  </datafield>
  <datafield tag="980" ind1=" " ind2=" ">
    <subfield code="a">GSI Scientific Report 2012</subfield>
  </datafield>
  <datafield tag="980" ind1=" " ind2=" ">
    <subfield code="a">GSI Scientific Report</subfield>
  </datafield>
  <datafield tag="980" ind1=" " ind2=" ">
    <subfield code="a">GSI Report</subfield>
  </datafield>
  <datafield tag="980" ind1=" " ind2=" ">
    <subfield code="a">GSI Report 2013</subfield>
  </datafield>
  <datafield tag="980" ind1=" " ind2=" ">
    <subfield code="a">GSIasPublisher</subfield>
  </datafield>
  <datafield tag="980" ind1=" " ind2=" ">
    <subfield code="a">UNRESTRICTED</subfield>
  </datafield>
  <datafield tag="980" ind1=" " ind2=" ">
    <subfield code="a">intrep</subfield>
  </datafield>
  <datafield tag="980" ind1=" " ind2=" ">
    <subfield code="a">I:(DE-Ds200)20120319OR030</subfield>
  </datafield>
  <datafield tag="980" ind1=" " ind2=" ">
    <subfield code="a">I:(DE-Ds200)BUD-20051214OR030</subfield>
  </datafield>
  <datafield tag="980" ind1=" " ind2=" ">
    <subfield code="a">FullTexts</subfield>
  </datafield>
</record>
</collection>